000 00598nam 22001693 4500
001 199533
090 _a199533
100 _a20251215d u||y0pory50 ba
200 _aContos de Portugal (Traz-os-Montes, Beira-Baixa)
_fVirginia de Castro e Almeida
210 _aLisboa
_cJ. Rodrigues & Ca
_d1926
215 _a123, [5] p.
_cbrochado
_d20 cm
606 _92051
_aAntropologia Cultural. Etnologia. Etnografia. Usos e Costumes. Tradições. Modo de vida. Folclore
675 _a39
_vPT
_zpor
700 _92401
_aAlmeida
_bVirgínia de Castro e
_f1878-1945
801 _aPT
_bBMMN
_gRPC
830 _cVanda
990 _cLIVROS